[Event "Titled Tuesday intern op 15 Mar Late"]
[Site "Chess.com INT"]
[Date "2022.03.15"]
[Round "7"]
[White "Chiu, Isaac"]
[Black "Fiorito, Fabian"]
[Result "0-1"]
[WhiteElo "2245"]
[BlackElo "2357"]
[PlyCount "120"]
[EventDate "2022.03.15"]
[EventType "swiss (blitz)"]
[EventRounds "11"]
[EventCountry "USA"]
[SourceTitle "CBM 207 Extra"]
[Source "ChessBase"]
[SourceDate "2022.05.31"]
[SourceVersion "1"]
[SourceVersionDate "2022.05.31"]
[SourceQuality "1"]

1. Nf3 Nf6 2. g3 g6 3. Bg2 Bg7 4. 0-0 0-0 5. c4 c6 6. b3 d5 7. Bb2 Nbd7 8. d3 b6 9. Nbd2 Bb7 10. Qc2 e6 11. a3 c5 12. b4 d4 13. Nb3 Qc7 14. e3 e5 15. exd4 exd4 16. Bc1 Nh5 17. Bg5 Rfe8 18. Rfe1 h6 19. Bd2 f5 20. Nh4 Bxg2 21. Kxg2 Kh7 22. a4 Qc6+ 23. Kg1 Ndf6 24. a5 Ng4 25. axb6 axb6 26. Rxa8 Rxa8 27. bxc5 bxc5 28. h3 Ne5 29. f4 Nf7 30. Kh2 Bf6 31. Ng2 Qf3 32. Nxc5 Qxg3+ 33. Kg1 Rc8 34. Nd7 Bg7 35. Re7 Kg8 36. Be1 Qf3 37. Qf2 Qxh3 38. Ne5 Nxe5 39. fxe5 Qxd3 40. e6 Qxc4 41. Nh4 d3 42. Qg2 Qg4 43. Nxg6 Bd4+ 44. Kh1 Rc1 45. Qxg4 Rxe1+ 46. Kg2 fxg4 47. Rd7 d2 48. Ne7+ Kg7 49. Nf5+ Kf6 50. Rxd4 Kxf5 51. Rxd2 Rxe6 52. Rf2+ Kg5 53. Ra2 Nf4+ 54. Kg3 Re3+ 55. Kf2 Rf3+ 56. Kg1 h5 57. Ra5+ Kh4 58. Ra2 Kg3 59. Rh2 h4 60. Rh1 Ne2# 0-1

[Event "Titled Tuesday intern op 15 Mar Late"]
[Site "Chess.com INT"]
[Date "2022.03.15"]
[Round "8"]
[White "Spitzl, Vinzent"]
[Black "Chiu, Isaac"]
[Result "0-1"]
[WhiteElo "2319"]
[BlackElo "2245"]
[PlyCount "156"]
[EventDate "2022.03.15"]
[EventType "swiss (blitz)"]
[EventRounds "11"]
[EventCountry "USA"]
[SourceTitle "CBM 207 Extra"]
[Source "ChessBase"]
[SourceDate "2022.05.31"]
[SourceVersion "1"]
[SourceVersionDate "2022.05.31"]
[SourceQuality "1"]

1. e4 e5 2. Nf3 Nc6 3. Bb5 Nf6 4. 0-0 Nxe4 5. d4 Nd6 6. Bxc6 dxc6 7. dxe5 Nf5 8. Qxd8+ Kxd8 9. h3 h6 10. Nc3 Be6 11. b3 b6 12. Bb2 Kc8 13. Ne2 Bd5 14. Nfd4 Nxd4 15. Nxd4 c5 16. Nf5 Be4 17. Ne3 Be7 18. c4 c6 19. Rfe1 Bg6 20. f4 Be4 21. Kf2 Rg8 22. Ng4 Bf5 23. Ne3 Be4 24. Rad1 Kc7 25. Nf1 Bc2 26. Rd2 Bf5 27. g4 Bh4+ 28. Ng3 Bd7 29. Kf3 Rad8 30. Red1 g6 31. Ne4 h5 32. Nf6 Bxf6 33. exf6 hxg4+ 34. hxg4 Rh8 35. Be5+ Kc8 36. Kg3 Be6 37. Bd6 Rd7 38. Be7 Rxd2 39. Rxd2 Rh1 40. f5 gxf5 41. gxf5 Bxf5 42. Kf4 Be6 43. Rd8+ Kc7 44. Rd2 Rf1+ 45. Ke5 Rf5+ 46. Ke4 Rh5 47. Bd6+ Kb7 48. Bf4 b5 49. cxb5 cxb5 50. Bd6 Kc6 51. Be7 Bd5+ 52. Kf4 c4 53. bxc4 bxc4 54. Bb4 Rh4+ 55. Ke5 Re4+ 56. Kf5 Re3 57. Rc2 Re6 58. Rc3 Kb5 59. a3 Be4+ 60. Kg5 Bd3 61. Be7 Re1 62. Kh6 Rg1 63. Kh5 Kc6 64. Kh6 Kd5 65. Bb4 Kc6 66. Kh5 Kb5 67. Be7 a5 68. Kh6 Kc6 69. Kh5 Kd5 70. Bd8 a4 71. Ba5 Kd4 72. Bb4 Rb1 73. Kh6 Rxb4 74. Rxd3+ cxd3 75. axb4 d2 76. Kg7 d1Q 77. Kxf7 Qb3+ 78. Ke7 Qxb4+ 0-1